000 00576nam a2200193Ia 4500
005 20250508163101.0
008 008 250505s9999 xx 000 0 hin d
037 _aTextual
040 _aFEDL
_beng
_cFEDL
041 _ahin
_2eng
084 _a376.954, IND
_qFEDL
100 _aBhandari R K
_9774685
245 0 _aBharat me mahilaon ka shaikshik vikas
245 0 _cIndia. Education (Depaprtment of)
260 _aNew Delhi, India
_bShiksha aur Sanskriti Mantralaya
_c1982
300 _a89p
942 _cTEXL
_h376.954, IND
999 _c1380718
_d1380718